Fictional Icons - Statistics

General Stats
  • This quiz has been taken 37 times
  • The average score is 10 of 16
Answer Stats
Picture Hint Answer % Correct
1st and Last Name Mary Poppins
94%
First Name Kermit
88%
1st and Last Name James Bond
84%
1st and Last Name Sherlock Holmes
84%
Known As... The Grinch
84%
1st and Last Name Betty Boop
78%
Known As... Uncle Sam
72%
1st and Last Name (Not Ironman) Tony Stark
66%
1st and Last Name Dorothy Gale
59%
1st and Last Name Don Quixote / Sancho Panza
44%
Known As... The Tramp
44%
1st and Last Name Norman Bates
38%
1st and Last Name Archie Bunker
34%
1st and Last Name Lucy Ricardo
31%
1st and Last Name Scarlett O'hara
31%
1st and Last Name Archie Andrews
19%
No matching quizzes found
Score Distribution
Percent of People with Each Score
Percentile by Number Answered
Your Score History
You have not taken this quiz